00387nam a2200169Ia 4500008004100000041000800041082001700049100001300066245002500079250001200104260004100116300000900157440000600166500002000172650001200192700001300204230125s9999 xx 000 0 und d aeng a371.425bPHI aPhirke S aWay to Bright Future a1st Ed. c2007bGlobal Knowledge MissionaPune a436p v1 acareer guidance aGeneral aPhirke S